000 00396nam a22001571a 4500
999 _c163317
_d163317
082 _aM1
_bSAM/S
100 _aSamumenon Varavoor
245 _aSri thripurarahasyam/
_cby Samumenon Varavoor.
260 _aQuilon:
_bSri Vidyadhi Raja,
_c1989.
300 _a365p.
650 _aKilippattu
650 _aLiterature
650 _aLiterature Malayalam
650 _aPoetry Malayalam
942 _cBK